L'architecte est-il un auteur? (Record no. 497268)
[ view plain ]
| 000 -CABECERA | |
|---|---|
| Campo de control de longitud fija | 00433nab a2200145 4500 |
| 003 - IDENTIFICADOR DEL NÚMERO DE CONTROL | |
| Campo de control | ES-SlBCS |
| 005 - FECHA Y HORA DE LA ÚLTIMA TRANSACCIÓN | |
| Campo de control | 20210327224343.0 |
| 008 - CÓDIGOS DE INFORMACIÓN DE LONGITUD FIJA | |
| Campo de control de longitud fija | 140123s2013 fr ||||| |||| 00| 0 fre d |
| 040 ## - FUENTE DE LA CATALOGACIÓN | |
| Centro catalogador del origen | ES-SlBCS |
| Lengua de catalogación | spa |
| 100 1# - PUNTO DE ACCESO PRINCIPAL-NOMBRE DE PERSONA | |
| Nombre de persona | Violeau, Jean-Louis |
| 9 (RLIN) | 123866 |
| 245 12 - MENCIÓN DE TÍTULO | |
| Título | L'architecte est-il un auteur? |
| Mención de responsabilidad, etc. | Jean-Louis Violeau |
| 650 #0 - PUNTO DE ACCESO ADICIONAL DE MATERIA-TÉRMINO DE MATERIA | |
| Término de materia o nombre geográfico como elemento inicial | Arquitectura |
| 9 (RLIN) | 18423 |
| 773 0# - ENLACE AL DOCUMENTO FUENTE | |
| Parte(s) relacionada(s) | Nº 400, 2013, págs. 85-95 |
| Título | Esprit |
| Número de control del registro relacionado | Rev1438 |
| Número Internacional Normalizado para Publicaciones Seriadas (ISSN) | 0014-0759 |
| 942 ## - ENTRADA DE ELEMENTOS AGREGADOS (KOHA) | |
| Fuente de clasificaión o esquema | |
| Koha [por defecto] tipo de item | Artículos de revista |
| Suprimido | Perdido | Fuente de clasificación o esquema | Estropeado | No para préstamo | Localización permanente | Localización actual | Localización en estantería | Fecha adquisición | Préstamos totales | Fecha última consulta | Fecha del precio de reemplazo | Tipo de item de Koha |
|---|---|---|---|---|---|---|---|---|---|---|---|---|
| San Esteban | San Esteban | Depósito de revistas | 23/01/2014 | 23/01/2014 | 23/01/2014 | Artículos de revista |
